Statistics for Islands in the Hauraki Gulf with a Map

Click here to take the quiz!

General Stats

  • This quiz has been taken 63 times
  • The average score is 7 of 10

Answers on the Map

Answers color-coded by a green-red scale on the quiz's map according to % correct below.
Loading ...
 

Answer Stats

AreaIsland% Correct
285 km2Great Barrier Island
94%
28 km2Little Barrier Island
94%
15 km2Motutapu Island
88%
92 km2Waiheke Island
82%
23 km2Rangitoto Island
82%
2.2 km2Tiritiri Matangi Island
76%
19 km2Kawau Island
59%
18 km2Ponui Island
47%
5.6 km2Kaikoura Island
29%
2.8 km2Whanganui Island
18%

Score Distribution

Percentile by Number Answered

Percent of People with Each Score

Your Score History

You have not taken this quiz